000 00861nam a2200277 4500
003 OSt
005 20260530113902.0
008 260420b19771978-cna|||| |||| 00| 0 eng d
020 _a0553M011324
040 _aICI
_bspa
_cICI
050 _aTJ810
_b.F65 1978
100 1 _aFoley, Gerald
_932400
245 1 0 _aPractical guide to solar homes /
_cGerald Foley
264 1 _b[Sin editorial],
_c1978
_a[Sin lugar] :
300 _a143 páginas
_bilustraciones ;
_c24 cm
336 _atexto
_2rdacontent
337 _asin medio
_2rdamedia
338 _avolumen
_2rdacarrier
650 0 _aEnergía solar
_932401
650 0 _aViviendas
_xCalefacción y ventilación
_932402
650 0 _aArquitectura solar
_932403
650 0 _aCasas ecológicas
_932404
650 0 _aConservación de energía
_932405
655 7 _2local
_aGuías prácticas
_932406
942 _2lcc
_cBK
999 _c11815
_d11815